| 000 | 00488nam a2200205Ia 4500 | ||
|---|---|---|---|
| 003 | 0100 | ||
| 008 | 130303s9999 xx 000 0 und d | ||
| 040 | _cARRUPELIB | ||
| 050 | _aJC153.H5813 1990 | ||
| 100 | _aHobbes, Thomas | ||
| 245 | _aMan and citizen | ||
| 245 | _bDe homine and De cive | ||
| 260 | _aIndianapolis IN | ||
| 260 | _bHackett | ||
| 260 | _C1991 | ||
| 300 | _a388p | ||
| 650 | _bIgnatius of Loyola, st | ||
| 700 | _aed. with intro. by Bernard Gert | ||
| 942 | 0 | 0 | _01 |
| 999 |
_c20212 _d20212 |
||